[Event "Irkutsk Spring"]
[Site "Irkutsk"]
[Date "2016.04.09"]
[Round "1"]
[White "Naumov, Ivan"]
[Black "Trukhin, Dmitry"]
[Result "1-0"]
[WhiteElo "2070"]
[BlackElo "1685"]
[PlyCount "149"]
[EventDate "2016.04.09"]
[EventType "swiss"]
[EventRounds "9"]
[EventCountry "RUS"]
[SourceTitle "EXT 2022"]
[Source "ChessBase"]
[SourceDate "2021.10.06"]
[SourceVersion "1"]
[SourceVersionDate "2021.10.06"]
[SourceQuality "1"]

1. d4 Nf6 2. c4 e6 3. Nf3 d6 4. Bg5 Be7 5. Nc3 Nbd7 6. e3 b6 7. Be2 Bb7 8. Rb1 0-0 9. 0-0 h6 10. Bxf6 Nxf6 11. Nd2 d5 12. Bf3 c6 13. cxd5 cxd5 14. Rc1 Qd7 15. Be2 Bc6 16. Nf3 Bd6 17. Bd3 Rfc8 18. Bb1 Ne4 19. Nxe4 dxe4 20. Ne5 Bxe5 21. dxe5 Qxd1 22. Rfxd1 Bd5 23. Kf1 f5 24. exf6 gxf6 25. g4 Rc5 26. Rxc5 bxc5 27. b3 a5 28. Rc1 Rc8 29. Kg2 Kf7 30. Kg3 h5 31. f3 hxg4 32. fxe4 Bb7 33. Kxg4 Ba6 34. Kf3 Bb7 35. Rc4 Ke7 36. h4 Kd6 37. Rc1 Ke5 38. Rg1 f5 39. h5 Rh8 40. Rh1 Rh6 41. Rh4 Bc6 42. Bc2 Bb7 43. Kg3 fxe4 44. Kg4 Kf6 45. Kf4 e5+ 46. Kg3 Kf5 47. Bd1 Bd5 48. Be2 Bf7 49. Rh1 Kg5 50. Bg4 Be6 51. Bxe6 Rxe6 52. Rc1 Rc6 53. Rc4 Kxh5 54. Rxe4 Re6 55. Rc4 Rc6 56. Kf3 Kg5 57. Ke4 Kf6 58. Kd5 Ra6 59. Rxc5 Kf5 60. Rc8 a4 61. Rf8+ Kg6 62. b4 a3 63. Kxe5 Rb6 64. Rf4 Rb8 65. Kd5 Rd8+ 66. Kc4 Rd2 67. Kb3 Rd3+ 68. Ka4 Rxe3 69. b5 Re5 70. b6 Re6 71. b7 Re8 72. Rb4 Rb8 73. Ka5 Kf6 74. Kb6 Re8 75. Ka7 1-0

[Event "Irkutsk Region-ch"]
[Site "Irkutsk"]
[Date "2015.11.21"]
[Round "8"]
[White "Naumov, Ivan"]
[Black "Alexeev, Sergey"]
[Result "1-0"]
[WhiteElo "1992"]
[BlackElo "2061"]
[PlyCount "95"]
[EventDate "2015.11.14"]
[EventType "swiss"]
[EventRounds "9"]
[EventCountry "RUS"]
[SourceTitle "CBM 169 Extra"]
[Source "ChessBase"]
[SourceDate "2015.12.18"]
[SourceVersion "1"]
[SourceVersionDate "2015.12.18"]
[SourceQuality "1"]

1. d4 Nf6 2. Nf3 g6 3. c4 Bg7 4. Nc3 0-0 5. e4 d6 6. Be2 e5 7. d5 Nbd7 8. Be3 Ng4 9. Bg5 f6 10. Bh4 a6 11. Nd2 Nh6 12. f3 Qe8 13. b4 f5 14. Bf2 Nf6 15. c5 Bd7 16. cxd6 cxd6 17. Nc4 Qe7 18. Nb6 Rae8 19. 0-0 fxe4 20. Nxe4 Nf5 21. Rc1 Bb5 22. Bxb5 axb5 23. Nxf6+ Bxf6 24. Qd3 Nd4 25. Rce1 Qc7 26. Bxd4 exd4 27. Qxb5 Rxe1 28. Rxe1 Qc3 29. Rd1 Qc2 30. Qd3 Qxa2 31. Nd7 Rf7 32. Nxf6+ Rxf6 33. Qxd4 Rf5 34. h3 Re5 35. Rd2 Qb1+ 36. Kh2 Re1 37. Qf4 Rh1+ 38. Kg3 Qe1+ 39. Kg4 Rg1 40. Rc2 h5+ 41. Kg5 Qe8 42. Kh6 Re1 43. Qxd6 Qe3+ 44. f4 Rc1 45. Qxg6+ Kf8 46. Qf6+ Ke8 47. Qh8+ Kd7 48. Qc8+ 1-0

[Event "Angarsk Golden Autumn"]
[Site "Angarsk"]
[Date "2015.10.26"]
[Round "10"]
[White "Kuzmin, Ilya"]
[Black "Naumov, Ivan"]
[Result "1-0"]
[WhiteElo "2268"]
[BlackElo "2067"]
[PlyCount "65"]
[EventDate "2015.10.19"]
[EventType "tourn"]
[EventRounds "13"]
[EventCountry "RUS"]
[SourceTitle "EXT 2018"]
[Source "ChessBase"]
[SourceDate "2017.10.13"]
[SourceVersion "1"]
[SourceVersionDate "2017.10.13"]
[SourceQuality "1"]

1. c4 c6 2. e4 d5 3. exd5 cxd5 4. d4 Nf6 5. Nc3 Nc6 6. Bg5 dxc4 7. Bxc4 Qxd4 8. Qxd4 Nxd4 9. 0-0-0 e5 10. f4 Ne6 11. Bxf6 gxf6 12. Bb5+ Ke7 13. Nd5+ Kd6 14. Ne2 Kc5 15. Nec3 Nd4 16. b4+ Kd6 17. Nxf6 Bh6 18. Kb2 Bxf4 19. Nfe4+ Kc7 20. Rxd4 exd4 21. Nd5+ Kb8 22. Nxf4 Bf5 23. Nc5 a6 24. Bc4 Bg6 25. Re1 Rc8 26. Nd5 Ka7 27. Re7 Rab8 28. Nc7 Kb6 29. Nd5+ Ka7 30. a4 Re8 31. Rd7 Red8 32. b5 axb5 33. axb5 1-0

[Event "Angarsk Golden Autumn"]
[Site "Angarsk"]
[Date "2015.10.22"]
[Round "4"]
[White "Mjakonkikh, Dmitry"]
[Black "Naumov, Ivan"]
[Result "1-0"]
[WhiteElo "2211"]
[BlackElo "2067"]
[PlyCount "95"]
[EventDate "2015.10.19"]
[EventType "tourn"]
[EventRounds "13"]
[EventCountry "RUS"]
[SourceTitle "EXT 2018"]
[Source "ChessBase"]
[SourceDate "2017.10.13"]
[SourceVersion "1"]
[SourceVersionDate "2017.10.13"]
[SourceQuality "1"]

1. d4 d5 2. Nf3 e6 3. c4 f5 4. g3 c6 5. Bg2 Nf6 6. 0-0 Be7 7. Nbd2 0-0 8. Qc2 Nbd7 9. Ng5 Nb6 10. c5 h6 11. Nh3 Nbd7 12. Nf4 Nb8 13. Nf3 Ne4 14. Ne5 Bf6 15. Nfg6 Re8 16. Bf4 Nd7 17. h4 Bxe5 18. Nxe5 g5 19. hxg5 hxg5 20. Be3 Qf6 21. Bxe4 dxe4 22. Qc1 f4 23. gxf4 gxf4 24. Bxf4 Re7 25. Bg3 Rg7 26. Qc3 Qf5 27. Kg2 Nf6 28. Rh1 Nd5 29. Qc2 Nf4+ 30. Kf1 Nh5 31. Ke1 Nxg3 32. fxg3 Rxg3 33. Rf1 Qh7 34. Qd2 Qh4 35. Qf4 Rg4+ 36. Qf2 e3 37. Qxh4 Rxh4 38. Rd1 b6 39. Rg1+ Kh7 40. Rd3 Re4 41. Ng4 Kg6 42. Nf2+ Kf5 43. Nxe4 Kxe4 44. Rg3 Ba6 45. Rgxe3+ Kd5 46. Re5+ Kc4 47. a3 Re8 48. cxb6 1-0

[Event "Irkutsk Veda"]
[Site "Irkutsk"]
[Date "2015.08.15"]
[Round "8"]
[White "Naumov, Ivan"]
[Black "Demikhov, Maxim"]
[Result "1-0"]
[WhiteElo "2024"]
[BlackElo "1978"]
[PlyCount "65"]
[EventDate "2015.08.08"]
[EventType "swiss"]
[EventRounds "9"]
[EventCountry "RUS"]
[SourceTitle "EXT 2018"]
[Source "ChessBase"]
[SourceDate "2017.10.13"]
[SourceVersion "1"]
[SourceVersionDate "2017.10.13"]
[SourceQuality "1"]

1. d4 Nf6 2. Nf3 e6 3. Bg5 d5 4. e3 Be7 5. c4 Nbd7 6. Nc3 c6 7. cxd5 exd5 8. Bd3 Nf8 9. Qc2 h6 10. Bh4 a5 11. 0-0 Ne6 12. Ne5 g5 13. Bg3 h5 14. Bg6 0-0 15. f4 fxg6 16. Qxg6+ Ng7 17. fxg5 Nh7 18. Nf7 Qe8 19. Nh6+ Kh8 20. Rf7 Rxf7 21. Nxf7+ Kg8 22. Rf1 Be6 23. Be5 Bf8 24. Nh6+ Kh8 25. Rxf8+ Qxf8 26. Qxe6 Qe8 27. Nf7+ Kg8 28. Qh6 Nf5 29. Qg6+ Kf8 30. Qxh7 Qxf7 31. g6 Qg8 32. Qxb7 Rd8 33. Qc7 1-0